100 Biggest Cities of Saudi Arabia on a Map - Statistics

General Stats
  • This quiz has been taken 139 times
  • The average score is 16 of 100
Answers on the Map
Answers color-coded by a green-red scale on the quiz's map according to % correct below.
 
Answer Stats
Population City % Correct
2,385,509 Mecca
98%
3,712,917 Jeddah
97%
6,924,566 Riyadh
97%
1,411,599 Medina
95%
1,386,166 Dammam
75%
594,350 Tabouk
51%
334,290 Abha
46%
563,282 Taif
46%
448,623 Hail
43%
729,606 Al-Hofuf
40%
571,169 Buraydah
40%
535,065 Khamis Mushait
40%
381,431 Najran
40%
331,916 Yanbu
38%
199,247 Arar
37%
173,919 Jizan
35%
474,679 Jubail
34%
409,549 Khobar
34%
204,174 Sakaka
32%
295,462 Al-Kharj
26%
87,332 Al-Qatif
25%
143,936 Dhahran
25%
387,096 Hafar al-Batin
25%
167,080 Al-Qurayyat
18%
25,652 Haql
18%
40,760 Al-Ula
17%
33,868 Al-Wajh
17%
183,319 Unaizah
17%
90,515 Al-Bahah
15%
30,494 Badr
15%
32,679 Baish
15%
72,928 Rabigh
15%
42,362 Dumat al-Jandal
14%
107,902 Ar-Rass
12%
39,543 Duba
12%
63,929 Rafha
12%
61,395 Ṭuraif
12%
46,229 Umluj
12%
78,691 Al-Khafji
11%
32,215 Shaqra
11%
115,537 Bisha
9%
84,818 Saihat
9%
43,301 Samtah
9%
37,579 Tayma
9%
77,433 Wadi ad-Dawasir
9%
47,340 Afif
8%
45,032 Buqayq
8%
45,676 Safwa
8%
89,456 Sharurah
8%
117,646 Tarout
8%
26,957 Thuwal
8%
78,354 Ṭubarjal
8%
69,632 Abu Arish
6%
70,118 Bahrah
6%
41,089 Al-Jumum
5%
70,243 Al-Majma'ah
5%
42,447 Al-Qunfudhah
5%
35,985 Baljurashi
5%
97,967 Muhayil
5%
28,681 Ranyah
5%
72,086 Sabya
5%
39,267 Ad-Dilam
3%
61,609 Ad-Diriyah
3%
24,880 Al-Henakiyah
3%
27,307 Al-Qaisumah
3%
22,781 Al-Umran
3%
68,317 Az-Zulfi
3%
25,356 King Khalid Military City
3%
29,698 Layla
3%
22,541 Namas
3%
40,023 Nariyah
3%
86,861 Ad-Dawadmi
2%
25,670 Aḥad al-Masarihah
2%
79,202 Ahad Rafidah
2%
48,474 Al-Badayea
2%
43,229 Al-Bukayriyah
2%
22,343 Al-Jesh
2%
28,491 Al-Khurmah
2%
33,341 Al-Midhnab
2%
28,589 Al-Quwayiyah
2%
22,374 Al-Quz
2%
25,136 As-Sulayyil
2%
248,888 Ath-Thuqbah
2%
26,079 Ḍamad
2%
57,030 Ras Tanurah
2%
26,276 Al-Awamiyah
0%
171,610 Al-Hawiyah
0%
26,248 Al-Makhwah
0%
23,252 Al-Mishaliah
0%
55,604 Al-Muzahimiyah
0%
22,492 Al-Qudaih
0%
29,588 Al-Tarf
0%
35,226 Al-Uyun
0%
30,720 Hotat Bani Tamim
0%
42,179 Irqah
0%
25,031 Rimah
0%
25,588 Riyad al-Khabra
0%
28,279 Turubah
0%
24,381 Wadi al-Aqool Farms
0%
24,134 Ẓahran al-Janub
0%
No matching quizzes found
Score Distribution
Percent of People with Each Score
Percentile by Number Answered
Your Score History
You have not taken this quiz